000 00768cam a2200277 a 4500
001 17046728
005 20180813040744.0
008 111114s2013 njua b 001 0 eng
010 _a 2011047137
020 _a9780132814423
020 _a0132814420
035 _a(DNLM)101572864
040 _aDNLM/DLC
_cDLC
_dDLC
041 _aeng
042 _apcc
060 1 0 _aWY 100.1
080 _a615.1
082 0 0 _a615.1
_223
100 1 _a5
101 _aPHA
245 1 0 _aPharmacology :
_cMichael Patrick Adams, Carol Quam Urban.
504 _aIncludes bibliographical references and index.
906 _a7
_bcbc
_corignew
_d1
_eecip
_f20
_gy-gencatlg
942 _2ddc
_cBK
999 _c47011
_d47011